00454nam a2200169Ia 450000500170000000800410001702000150005808200250007324500430009826000590014130000180020065000140021865000100023265000110024265000120025370000190026520250123054957.0240331s9999 xx 000 0 und d a8170365422 bUBE22402a305.30954 0aSocial Reform, Sexuality and the State aNew DelhiaCaliforniaaLondonbSage Publicationsc1996 axxvi, 404 p., aSexuality aState aGender aSociety aUberoi, Peedt